Spoiler Alert: Shakespeare Edition Quiz Stats

 Plays Quiz Updated Feb 26, 2020

Support Sporcle.
Go Orange.
Score 0/25 Timer 08:00
0 Plays Today
% Correct
Romeo and Juliet
88%
Julius Caesar
85%
Macbeth
84%
A Midsummer Night's Dream
76.3%
The Merchant of Venice
75.8%
Antony and Cleopatra
74.8%
King Lear
74%
Hamlet
72.8%
The Tempest
72.1%
Othello
69.9%
The Taming of the Shrew
68.9%
Much Ado About Nothing
60.6%
Richard III
59.9%
% Correct
Twelfth Night
58.8%
Titus Andronicus
55.7%
Henry V
44.8%
King John
44.4%
As You Like It
41.4%
Richard II
41.2%
Coriolanus
41.1%
Troilus and Cressida
39.6%
Timon of Athens
39.6%
The Two Gentlemen of Verona
38.3%
The Merry Wives of Windsor
37.5%
Love's Labour's Lost
34.9%

You're not logged in!

Compare scores with friends on all Sporcle quizzes.
OR
Log In

From the Vault

Trivial 'Her'-suit

by MSUKent

To these distinguished women, we salute you.
Remove Ads.
Support Sporcle.
Get the best of Sporcle when you Go Orange. This ad-free experience offers more features, more stats, and more fun while also helping to support Sporcle. Thank you for becoming a member.

Show Comments

Extras

Top Quizzes Today


Score Distribution

Your Account Isn't Verified!

In order to create a playlist on Sporcle, you need to verify the email address you used during registration. Go to your Sporcle Settings to finish the process.

Report this User

Report this user for behavior that violates our Community Guidelines.

Details: